¿Qué ciudad en Andalucía? - Estadísticas

Estadísticas generales
  • Esta prueba ha sido intentada 1.561 veces
  • La puntuación promedio es 12 de 20
Estadísticas de respuestas
Pista Inicial Respuesta % Correcto
Giralda, alcázar, archivo de indias y torre del oro S Sevilla
91%
La Tacita de Plata, famosa por sus carnavales C Cádiz
89%
Se conoce como la capital del Santo Reino y tiene una excelente catedral renacentista J Jaén
88%
Sede de "la manquita" y del festival de cine español, aquí puedes disfrutar los espetos de sardinas en la playa M Málaga
88%
Tiene un mayo muy florido con cruces, patios y la feria de San Rafael C Córdoba
83%
Según un antiguo fandango, tiene 3 cosas que no las tiene Madrid H Huelva
78%
Curiosa combinación de antiguo pueblo pesquero y ubicación lujosa para la jet set M Marbella
76%
En esta ciudad se celebraron los Juegos del Mediterráneo en 2005 A Almería
75%
Con mayor población que la capital de su provincia, es cuna de vinos reconocidos internacionalmente J Jerez de la Frontera
73%
Fronterizo con una dependencia del Reino Unido L La Línea de la Concepción
65%
De aquí salió Colón en su primer viaje P Palos de la Frontera
62%
Famoso por sus mares de plástico en la provincia más oriental de la comunidad E El Ejido
60%
Una de las ciudades más famosas de la comunidad por los dulces navideños E Estepa
52%
Aquí se celebran las corridas goyescas, y tiene un tajo impresionante R Ronda
52%
En la desembocadura del Guadalquivir, cuna de la manzanilla S Sanlúcar de Barrameda
49%
Tiene una colegiata, dólmenes y la porra es originaria de aquí A Antequera
46%
Impresionante ciudad renacentista en la que pasó algunos años Antonio Machado B Baeza
35%
Ubicación del Real Observatorio de la Armada S San Fernando
31%
Gruta de las maravillas y excelentes chacinas A Aracena
24%
Aquí nació Blas Infante C Casares
13%
No se encontraron pruebas coincidentes
Distribución de puntuación
Porcentaje de gente con cada puntuación
Porcentaje por número respondido
Historial de tus puntuaciones
No has intentado esta prueba.